| 000 | 00659cam a22002293a 4500 | ||
|---|---|---|---|
| 001 | 28958 | ||
| 003 | PGUSA | ||
| 005 | 20140828083627.0 | ||
| 008 | 090524s2009||||xxu|||||s|||||000 1 eng d | ||
| 040 |
_aPGUSA _beng |
||
| 042 | _adc | ||
| 050 | 4 | _aPS | |
| 100 | 1 |
_aMerwin, Samuel, _d1874-1936 |
|
| 245 | 1 | 4 |
_aThe Road to Frontenac _h[electronic resource] / _cSamuel Merwin |
| 260 |
_bProject Gutenberg, _c2009 |
||
| 506 | _aPublic domain in the USA. | ||
| 516 | _aElectronic text | ||
| 653 | _aCanada -- History -- To 1763 (New France) -- Fiction | ||
| 830 | 0 |
_aProject Gutenberg _v28958 |
|
| 856 | 4 | 0 | _uhttp://www.gutenberg.org/ebooks/28958 |
| 942 | _cEB | ||
| 999 |
_c258213 _d258213 |
||